01688nam a2200313 a 450000100100000000500170001000800410002702000150006804000250008308200200010810000390012824500590016726000450022630000210027150000760029250000990036850400590046759000260052660000680055265000280062065000310064891000390067995201330071895201330085195201330098495201180111795201240123599900150135900001012120240412074215.0091005s2005 dr 001 0 spa d a9945410032 aDO-SdBNPbspacBNPHU aRD861.44bT217r1 aTatem Brache, Jaime,d1962-92511710aRituales de la lluvia :bpoemas /cJaime Tatem Brache. aSanto Domingo :bLetra gráfica,c2005. a116 p. ;c22 cm. aIncluye datos biográficos del autor en la solapa de la contracubierta aIncluye análisis de la lírica metafíca de Jaime Tatem Brache por Bruno Rosario Candelier aIncluye bibliografía y notas al pie de las páginas aInventariado, 2019/LP14aTATEM BRACHE, JAIMEd1962-xCRÍTICA E INTERPRETACIÓN925118 0aPoesía dominicana966 0aLiteratura dominicana.967 aValidado. Control de calidad BNPHU 001054708DSaGRbGRcHDd2009-10-05iLF1l0oRD861.44 T217rp10121-30r2020-06-25te. 3w2020-06-25yLFDSZPréstamo en sala 001054708DSaGRbGRcHDd2009-10-05iLF1l0oRD861.44 T217rp10121-40r2020-06-25te. 4w2020-06-25yLFDSZPréstamo en sala 001054708DSaGRbGRcHDd2009-10-05iLF1l0oRD861.44 T217rp10121-50r2020-06-25te. 5w2020-06-25yLFDSZPréstamo en sala 0010718PDaPDbPDcHDd2009-10-05iLF1l0oRD861.44 T217rp10121-10r2020-06-25w2020-06-25yLFPDZNo se presta 0010718PDaPDbPDcHDd2009-10-05iLF1l0oRD861.44 T217rp10121-20r2020-06-25te. 2w2020-06-25yLFPDZNo se presta c9880d9880